Normal view
MARC view
- LOPEZ DE GOMARA, FRANCISCO,
Entry Nombre Personal
001 - NUMERO DE CONTROL
- campo de control: 25866
003 - IDENTIFICADOR DE NUMERO DE CONTROL
- campo de control: UPN
005 - FECHA Y HORA DE LA ÜLTIMA TRANSACCIÓN
- campo de control: 20210219194027.0
008 - DATOS DE LONGITUD FIJA
- campo de control de longitud fija: nabaccnnaabn|||||||||| b |nc|||||d
035 ## - NUMERO DE CONTROL
- Número de control: UPN10000025875
040 ## - FUENTE DE CATALOGACIÓN
- Lenguaje de catalogación: SPA
- Agencia de transcripción: UPN
100 1# - ENCABEZAMIENTO - NOMBRE PERSONAL
- Nombre personal: LOPEZ DE GOMARA, FRANCISCO,
- Fechas asociadas con el nombre: 1511-1564.
- Title of a work: CRONICA DE LA NUEVA ESPAÑA
670 ## - FUENTE EN LA QUE SE LOCALIZARON DATOS
- Cita de la fuente: LC
902 ## - CATALOGADOR
- Catalogador: MCM/110817
